MARC details
| 000 -LEADER |
| fixed length control field |
02428cam a22004335i 4500 |
| 001 - CONTROL NUMBER |
| control field |
14363807 |
| 003 - CONTROL NUMBER IDENTIFIER |
| control field |
EG-ScBUE |
| 005 - DATE AND TIME OF LATEST TRANSACTION |
| control field |
20200826142719.0 |
| 006 - FIXED-LENGTH DATA ELEMENTS--ADDITIONAL MATERIAL CHARACTERISTICS--GENERAL INFORMATION |
| fixed length control field |
m||||fo||j 00| 0 |
| 008 - FIXED-LENGTH DATA ELEMENTS--GENERAL INFORMATION |
| fixed length control field |
060504t20052005onca f 000 0 eng d |
| 020 ## - INTERNATIONAL STANDARD BOOK NUMBER |
| International Standard Book Number |
1894893875 (pbk.) |
| 020 ## - INTERNATIONAL STANDARD BOOK NUMBER |
| International Standard Book Number |
9781894893879 (pbk.) |
| 035 ## - SYSTEM CONTROL NUMBER |
| System control number |
(OCoLC)ocm62228891 |
| 040 ## - CATALOGING SOURCE |
| Original cataloging agency |
SISPL |
| Language of cataloging |
eng |
| Description conventions |
rda |
| Transcribing agency |
SISPL |
| Modifying agency |
UKM |
| -- |
CIN |
| -- |
BAKER |
| -- |
DLC |
| -- |
EG-ScBUE |
| 082 04 - DEWEY DECIMAL CLASSIFICATION NUMBER |
| Classification number |
006.696 |
| Item number |
LEA |
| Edition number |
22 |
| 245 00 - TITLE STATEMENT |
| Title |
Learning Maya 7. |
| Name of part/section of a work |
The modeling & animation handbook / |
| Statement of responsibility, etc |
Alias/Learning Tools ; [foreword by Doug Walker]. |
| 246 10 - VARYING FORM OF TITLE |
| Title proper/short title |
Learning Maya Seven. |
| Name of part/section of a work |
Modeling and animation handbook |
| 264 #1 - PUBLICATION, DISTRIBUTION, ETC. (IMPRINT) |
| Place of publication, distribution, etc |
Toronto, Ont. : |
| Name of publisher, distributor, etc |
Alias, |
| Date of publication, distribution, etc |
[2005] |
| 264 #4 - PUBLICATION, DISTRIBUTION, ETC. (IMPRINT) |
| Date of publication, distribution, etc |
c2005 |
| 300 ## - PHYSICAL DESCRIPTION |
| Extent |
741, [4] pages : |
| Other physical details |
illustrations (color) ; |
| Dimensions |
23 cm. + |
| Accompanying material |
1 DVD-ROM (4 3/4 in.) |
| 336 ## - CONTENT TYPE |
| Content type term |
text |
| Content type code |
txt |
| Source |
rdacontent |
| 336 ## - CONTENT TYPE |
| Content type term |
two-dimensional moving image |
| Content type code |
sti |
| Source |
rdacontent |
| 337 ## - MEDIA TYPE |
| Media type term |
unmediated |
| Media type code |
n |
| Source |
rdamedia |
| 337 ## - MEDIA TYPE |
| Media type term |
computer |
| Media type code |
c |
| Source |
rdamedia |
| 337 ## - MEDIA TYPE |
| Media type term |
video |
| Media type code |
v |
| Source |
rdamedia |
| 338 ## - CARRIER TYPE |
| Carrier type term |
volume |
| Carrier type code |
nc |
| Source |
rdacarrier |
| 338 ## - CARRIER TYPE |
| Carrier type term |
videodisc |
| Carrier type code |
vd |
| Source |
rdacarrier |
| 490 0# - SERIES STATEMENT |
| Series statement |
Alias / Learning tools |
| 500 ## - GENERAL NOTE |
| General note |
Requirements to use: Maya Complete 7 or Maya Personal Learning Edition, DVD drive, prerequisite: Learning Maya 7. Foundation. |
| 500 ## - GENERAL NOTE |
| General note |
DVD-ROM bonus features: lesson support files, instructor-led overviews/guide for projects in book, interview with Cathy McGinnis (Alias instructor), excerpt from Sony Pictures Imageworks' short The ChubbChubbs!, Turbo Squid 3D models. |
| 500 ## - GENERAL NOTE |
| General note |
What you will learn: Model organic characters with polygons and NURBS, Model in-organic props with Subdivision Surfaces, Understand skeletons, Create joint orientation, Work with inverse kinematics, Setup an arm, a spine and a bi-ped's lower body, Work with blend shapes, Skin your character, Create constraints, Create a walk cycle, Animate your character, Gain a better understanding of production pipelines by importing your character into Alias MotionBuilder. |
| 500 ## - GENERAL NOTE |
| General note |
"Based on the Academy Award winning animated short The ChubbChubbs! from Sony Pictures Imageworks"--Cover. |
| 630 07 - SUBJECT ADDED ENTRY--UNIFORM TITLE |
| Uniform title |
Maya (Computer file) |
| Source of heading or term |
BUEsh |
| 9 (RLIN) |
11248 |
| 650 #7 - SUBJECT ADDED ENTRY--TOPICAL TERM |
| Topical term or geographic name as entry element |
Computer animation. |
| Source of heading or term |
BUEsh |
| 650 #7 - SUBJECT ADDED ENTRY--TOPICAL TERM |
| Topical term or geographic name as entry element |
Three-dimensional display systems. |
| Source of heading or term |
BUEsh |
| 653 ## - INDEX TERM--UNCONTROLLED |
| Resource For college |
Informatics and Computer Science |
| Arrived date list |
August2020 |
| 942 ## - ADDED ENTRY ELEMENTS (KOHA) |
| Source of classification or shelving scheme |
Dewey Decimal Classification |
| Koha item type |
Book - Borrowing |